| 000 | 00535nam a2200181Ia 4500 | ||
|---|---|---|---|
| 999 |
_c14760 _d14760 |
||
| 003 | OSt | ||
| 005 | 20201016124146.0 | ||
| 008 | 190216s9999||||xx |||||||||||||| ||und|| | ||
| 020 | _a9780199537297 | ||
| 040 | _coclc | ||
| 082 |
_a821.8 _bPHI/G |
||
| 100 |
_aPhillips, Catherine _95804 |
||
| 245 | 0 |
_aGerard Manley Hopkins Selected Poetry / _cCatherine Phillips |
|
| 260 |
_bOxford University Press , _c2008. _aNew York: |
||
| 300 | _a262p | ||
| 650 | _aEnglish | ||
| 942 |
_cBK _2ddc _h821.8 _iPHI/G _k821.8 _mPHI/G |
||